[Event "FIDE Women GP Monaco 2019"]
[Site "Monaco"]
[Date "2019.12.08"]
[Round "6.2"]
[White "Kosteniuk, Alexandra"]
[Black "Koneru, Humpy"]
[Result "1/2-1/2"]
[WhiteElo "2483"]
[BlackElo "2574"]
[Annotator "ChessBase"]
[PlyCount "80"]
[EventDate "2019.12.03"]
[EventType "tourn"]
[EventCountry "MNC"]
[SourceTitle "playchess.com"]
[Source "ChessBase"]
[SourceQuality "1"]
[TimeControl "40/5400+30:1800+30"]

1. e4 {[%emt 0:00:00]} e5 {[%emt 0:00:00]} 2. Bc4 {[%emt 0:00:00]} Nf6 {[%emt 0:00:00]} 3. d3 {[%emt 0:00:00]} c6 {[%emt 0:00:31]} 4. Nf3 {[%emt 0:00:03]} Be7 {[%emt 0:00:02]} 5. Nc3 {[%emt 0:06:15]} d6 {[%emt 0:03:26]} 6. d4 {[%emt 0:16:35]} O-O {[%emt 0:00:30]} 7. O-O {[%emt 0:00:30]} Na6 {[%emt 0:00:30]} 8. a4 exd4 {[%emt 0:22:07]} 9. Nxd4 {[%emt 0:03:19]} Nb4 {[%emt 0:03:35]} 10. Re1 {[%emt 0:04:43]} Re8 {[%emt 0:13:41]} 11. Bg5 {[%emt 0:05:26]} h6 {[%emt 0:03:18]} 12. Bh4 d5 {[%emt 0:04:14]} 13. exd5 {[%emt 0:04:11]} Nfxd5 {[%emt 0:00:13]} 14. Bxe7 {[%emt 0:14:48]} Rxe7 {[%emt 0:00:02]} 15. Rxe7 {[%emt 0:00:45]} Qxe7 {[%emt 0:01:02]} 16. Nxd5 {[%emt 0:01:21]} Nxd5 {[%emt 0:00:38]} 17. Bxd5 {[%emt 0:00:16]} cxd5 {[%emt 0:00:06]} 18. Qe1 {[%emt 0:03:58]} Qe4 {[%emt 0:10:42]} 19. Qd2 {[%emt 0:05:24]} Bd7 {[%emt 0:01:39]} 20. Re1 {[%emt 0:00:14]} Qg6 {[%emt 0:02:40]} 21. b3 {[%emt 0:00:15]} Qd6 {[%emt 0:11:16]} 22. h3 {[%emt 0:03:44]} Rc8 {[%emt 0:00:23]} 23. Re3 {[%emt 0:00:49]} a6 {[%emt 0:01:48]} 24. Rd3 {[%emt 0:13:34]} Qc7 {[%emt 0:03:19]} 25. c3 {[%emt 0:04:27]} Qb6 {[%emt 0:01:20]} 26. Qf4 {[%emt 0:00:30]} Re8 {[%emt 0:06:43]} 27. Re3 {[%emt 0:00:37]} Rxe3 {[%emt 0:02:26]} 28. Qxe3 {[%emt 0:00:03]} Qd6 {[%emt 0:02:03]} 29. Ne2 {[%emt 0:03:40]} a5 {[%emt 0:01:54]} 30. Qd4 {[%emt 0:03:09]} Qg6 {[%emt 0:00:32]} 31. Kh2 {[%emt 0:01:54]} Qe4 {[%emt 0:01:16]} 32. Qd2 {[%emt 0:00:56]} b5 {[%emt 0:00:48]} 33. axb5 {[%emt 0:00:35]} Bxb5 {[%emt 0:00:01]} 34. Nd4 {[%emt 0:00:16]} Bd7 {[%emt 0:00:43]} 35. Qd1 {[%emt 0:02:46]} Qe5+ {[%emt 0:01:25]} 36. Kg1 {[%emt 0:00:15]} Qc7 {[%emt 0:01:01]} 37. Qf3 {[%emt 0:01:29]} Qe5 {[%emt 0:00:24]} 38. Qd1 {[%emt 0:00:52]} Qc7 {[%emt 0:00:07]} 39. Qd3 {[%emt 0:00:22]} Qe5 {[%emt 0:02:18]} 40. Qd1 {[%emt 0:01:14]} Qc7 {[%emt 0:00:05]} 1/2-1/2

[Event "FIDE Women GP Monaco 2019"]
[Site "Monaco"]
[Date "2019.12.08"]
[Round "6.3"]
[White "Zhao, Xue"]
[Black "Muzychuk, Anna"]
[Result "0-1"]
[WhiteElo "2485"]
[BlackElo "2537"]
[Annotator "ChessBase"]
[PlyCount "126"]
[EventDate "2019.12.03"]
[EventType "tourn"]
[EventCountry "MNC"]
[SourceTitle "playchess.com"]
[Source "ChessBase"]
[SourceQuality "1"]
[TimeControl "40/5400+30:1800+30"]

1. d4 {[%emt 0:00:00]} Nf6 {[%emt 0:00:00]} 2. c4 {[%emt 0:00:00]} g6 {[%emt 0:00:00]} 3. Nc3 {[%emt 0:00:14]} d5 {[%emt 0:00:00]} 4. Bg5 {[%emt 0:00:31]} Ne4 {[%emt 0:01:07]} 5. Bh4 {[%emt 0:05:01]} Nxc3 {[%emt 0:01:02]} 6. bxc3 {[%emt 0:00:05]} dxc4 {[%emt 0:00:17]} 7. e3 {[%emt 0:01:14]} Be6 {[%emt 0:00:43]} 8. Be2 {[%emt 0:15:16]} Bg7 9. Nh3 c5 {[%emt 0:29:27]} 10. Nf4 {[%emt 0:05:57]} Bf5 {[%emt 0:00:51]} 11. O-O {[%emt 0:11:34]} cxd4 {[%emt 0:01:47]} 12. cxd4 {[%emt 0:04:02]} Nc6 {[%emt 0:01:15]} 13. Bxc4 {[%emt 0:02:19]} O-O {[%emt 0:00:16]} 14. Rc1 Qd6 {[%emt 0:05:23]} 15. Bg3 {[%emt 0:07:02]} Qa3 {[%emt 0:03:25]} 16. Qb3 {[%emt 0:08:17]} Qxb3 {[%emt 0:00:16]} 17. Bxb3 {[%emt 0:00:03]} Rac8 {[%emt 0:02:58]} 18. Nd5 {[%emt 0:05:23]} Rfe8 {[%emt 0:00:55]} 19. Rc5 {[%emt 0:10:20]} e6 {[%emt 0:11:06]} 20. Nc7 {[%emt 0:07:52]} Red8 {[%emt 0:00:10]} 21. Rfc1 {[%emt 0:02:16]} Bf8 {[%emt 0:12:45]} 22. Rb5 {[%emt 0:01:09]} Ba3 {[%emt 0:10:31]} 23. Rc3 {[%emt 0:02:50]} Bb2 {[%emt 0:03:20]} 24. Rcc5 {[%emt 0:00:07]} Ba3 {[%emt 0:05:41]} 25. Rc3 {[%emt 0:00:04]} Bb2 {[%emt 0:00:05]} 26. Rcc5 {[%emt 0:00:04]} Bxd4 {[%emt 0:01:58]} 27. exd4 {[%emt 0:00:57]} Nxd4 {[%emt 0:00:01]} 28. h3 {[%emt 0:00:05]} b6 {[%emt 0:01:20]} 29. Rc4 {[%emt 0:01:23]} Ne2+ {[%emt 0:04:00]} 30. Kh2 {[%emt 0:00:05]} Nxg3 {[%emt 0:00:06]} 31. Kxg3 {[%emt 0:01:41]} Bd3 {[%emt 0:00:31]} 32. Rbb4 {[%emt 0:00:04]} Bxc4 {[%emt 0:03:03]} 33. Rxc4 {[%emt 0:00:04]} Kg7 {[%emt 0:00:43]} 34. Kf3 {[%emt 0:00:59]} h5 {[%emt 0:00:56]} 35. Ke3 {[%emt 0:02:40]} Kf8 {[%emt 0:00:01]} 36. Ba4 {[%emt 0:00:12]} Ke7 {[%emt 0:01:20]} 37. Bb5 {[%emt 0:00:50]} Rd1 {[%emt 0:00:24]} 38. Ba6 {[%emt 0:01:49]} Rcd8 {[%emt 0:00:01]} 39. Rc2 {[%emt 0:00:45]} Re1+ {[%emt 0:00:39]} 40. Be2 {[%emt 0:00:30]} Rc8 {[%emt 0:00:53]} 41. Nd5+ {[%emt 0:31:01]} Kd8 {[%emt 0:30:38]} 42. Rxc8+ {[%emt 0:00:04]} Kxc8 {[%emt 0:00:07]} 43. Nc3 {[%emt 0:00:04]} Kd7 {[%emt 0:00:00]} 44. Nd1 {[%emt 0:00:00]} Rg1 {[%emt 0:00:00]} 45. f4 {[%emt 0:00:00]} Rxg2 {[%emt 0:00:00]} 46. Kf3 {[%emt 0:00:00]} Rh2 {[%emt 0:00:00]} 47. Nf2 {[%emt 0:00:00]} h4 {[%emt 0:00:00]} 48. Bb5+ {[%emt 0:00:00]} Ke7 {[%emt 0:00:00]} 49. Bc6 {[%emt 0:00:00]} Kd6 {[%emt 0:00:00]} 50. Be8 {[%emt 0:00:00]} Ke7 {[%emt 0:00:00]} 51. Bc6 {[%emt 0:00:00]} Kd6 {[%emt 0:00:00]} 52. Be8 {[%emt 0:00:00]} f5 {[%emt 0:00:00]} 53. Bxg6 {[%emt 0:00:00]} Ke7 {[%emt 0:00:00]} 54. Bh5 {[%emt 0:00:00]} b5 {[%emt 0:00:00]} 55. a3 {[%emt 0:03:44]} a5 {[%emt 0:00:00]} 56. Ke3 {[%emt 0:00:04]} Rg2 {[%emt 0:00:00]} 57. Be2 {[%emt 0:00:15]} Rg3+ {[%emt 0:00:00]} 58. Kd4 {[%emt 0:01:56]} Rxa3 {[%emt 0:00:00]} 59. Bxb5 {[%emt 0:00:05]} Rf3 {[%emt 0:00:12]} 60. Nd3 {[%emt 0:00:21]} Rxh3 {[%emt 0:00:08]} 61. Ne5 {[%emt 0:00:03]} Rh1 {[%emt 0:02:49]} 62. Nc6+ {[%emt 0:00:18]} Kf6 {[%emt 0:00:05]} 63. Nxa5 {[%emt 0:00:27]} h3 {[%emt 0:00:18]} 0-1

[Event "FIDE Women GP Monaco 2019"]
[Site "Monaco"]
[Date "2019.12.08"]
[Round "6.4"]
[White "Harika, Dronavalli"]
[Black "Muzychuk, Mariya"]
[Result "1-0"]
[WhiteElo "2518"]
[BlackElo "2559"]
[Annotator "ChessBase"]
[PlyCount "137"]
[EventDate "2019.12.03"]
[EventType "tourn"]
[EventCountry "MNC"]
[SourceTitle "playchess.com"]
[Source "ChessBase"]
[SourceQuality "1"]
[TimeControl "40/5400+30:1800+30"]

1. Nf3 {[%emt 0:00:00]} d5 {[%emt 0:00:00]} 2. d4 {[%emt 0:00:00]} Nf6 {[%emt 0:00:18]} 3. g3 {[%emt 0:00:00]} g6 {[%emt 0:00:20]} 4. Bg2 {[%emt 0:00:09]} Bg7 {[%emt 0:00:13]} 5. O-O {[%emt 0:00:14]} O-O {[%emt 0:00:03]} 6. c4 c6 {[%emt 0:00:04]} 7. cxd5 {[%emt 0:00:33]} cxd5 {[%emt 0:00:16]} 8. Ne5 {[%emt 0:00:14]} Ne4 9. Nc3 {[%emt 0:00:30]} Bf5 10. Bf4 {[%emt 0:00:30]} Nxc3 11. bxc3 {[%emt 0:00:30]} Nc6 12. Nxc6 {[%emt 0:00:30]} bxc6 13. Qa4 {[%emt 0:00:30]} e6 14. Rad1 {[%emt 0:25:36]} h6 {[%emt 0:40:32]} 15. Rfe1 {[%emt 0:05:53]} g5 {[%emt 0:03:30]} 16. Bc1 {[%emt 0:00:14]} Qb6 {[%emt 0:00:54]} 17. e4 Bg6 {[%emt 0:01:12]} 18. Ba3 {[%emt 0:07:22]} Rfb8 {[%emt 0:02:10]} 19. Bc5 {[%emt 0:06:01]} Qb2 {[%emt 0:04:34]} 20. c4 {[%emt 0:05:52]} dxe4 {[%emt 0:06:52]} 21. Bxe4 {[%emt 0:02:26]} Bxe4 {[%emt 0:00:03]} 22. Rxe4 {[%emt 0:00:06]} Rd8 {[%emt 0:00:09]} 23. Kf1 {[%emt 0:06:08]} Bf8 {[%emt 0:13:25]} 24. Bxf8 {[%emt 0:04:37]} Kxf8 {[%emt 0:00:04]} 25. h4 {[%emt 0:01:51]} Rd6 {[%emt 0:08:20]} 26. hxg5 {[%emt 0:07:59]} hxg5 {[%emt 0:00:03]} 27. Kg1 {[%emt 0:01:36]} Rad8 {[%emt 0:03:03]} 28. Qa5 {[%emt 0:03:46]} Qc2 29. Rde1 Qxc4 {[%emt 0:01:17]} 30. Qxg5 {[%emt 0:00:38]} Qd5 {[%emt 0:05:42]} 31. Qh6+ {[%emt 0:00:34]} Ke7 {[%emt 0:00:55]} 32. Rf4 {[%emt 0:00:34]} Qxa2 {[%emt 0:01:54]} 33. Qg5+ {[%emt 0:02:46]} Ke8 {[%emt 0:02:42]} 34. d5 {[%emt 0:02:56]} Qxd5 {[%emt 0:03:09]} 35. Qg8+ {[%emt 0:02:14]} Kd7 {[%emt 0:00:02]} 36. Qxf7+ {[%emt 0:00:05]} Kc8 {[%emt 0:00:02]} 37. Qxa7 {[%emt 0:00:36]} Qb5 {[%emt 0:01:35]} 38. Rf7 {[%emt 0:02:30]} R6d7 {[%emt 0:00:08]} 39. Qa8+ {[%emt 0:01:00]} Kc7 {[%emt 0:00:05]} 40. Qa7+ {[%emt 0:01:47]} Kc8 {[%emt 0:00:09]} 41. Qa8+ {[%emt 0:31:22]} Kc7 {[%emt 0:32:14]} 42. Rxd7+ {[%emt 0:00:42]} Rxd7 {[%emt 0:00:05]} 43. Ra1 {[%emt 0:00:17]} c5 {[%emt 0:02:10]} 44. Ra7+ {[%emt 0:04:15]} Kd6 {[%emt 0:00:03]} 45. Qf8+ {[%emt 0:00:28]} Kc6 {[%emt 0:01:01]} 46. Ra1 {[%emt 0:00:00]} c4 {[%emt 0:00:00]} 47. Qc8+ {[%emt 0:00:00]} Kb6 {[%emt 0:00:00]} 48. Rc1 {[%emt 0:00:00]} Qc6 {[%emt 0:00:00]} 49. Qxc6+ {[%emt 0:00:00]} Kxc6 {[%emt 0:00:00]} 50. Rxc4+ {[%emt 0:00:00]} Kd5 {[%emt 0:00:00]} 51. Rf4 {[%emt 0:00:00]} e5 {[%emt 0:00:00]} 52. Rf6 {[%emt 0:00:00]} e4 {[%emt 0:00:00]} 53. Kg2 {[%emt 0:00:00]} Re7 {[%emt 0:00:00]} 54. Kh3 {[%emt 0:00:00]} Rh7+ {[%emt 0:00:00]} 55. Kg4 {[%emt 0:00:00]} Rh2 {[%emt 0:00:00]} 56. Kg5 {[%emt 0:00:00]} Kd4 {[%emt 0:00:00]} 57. g4 {[%emt 0:00:00]} Rg2 {[%emt 0:01:47]} 58. Rf5 {[%emt 0:00:00]} Kd3 {[%emt 0:00:33]} 59. Rf4 {[%emt 0:00:00]} Rh2 {[%emt 0:02:11]} 60. Kf5 {[%emt 0:00:00]} Rh8 {[%emt 0:01:52]} 61. g5 {[%emt 0:00:00]} Rf8+ {[%emt 0:00:14]} 62. Kg4 {[%emt 0:00:00]} Rg8 {[%emt 0:00:03]} 63. Kh5 {[%emt 0:00:00]} Rh8+ {[%emt 0:01:05]} 64. Kg6 {[%emt 0:00:00]} Rg8+ {[%emt 0:01:02]} 65. Kh6 {[%emt 0:00:00]} Rh8+ {[%emt 0:00:21]} 66. Kg7 {[%emt 0:00:00]} Rh3 {[%emt 0:00:03]} 67. Kf6 {[%emt 0:00:00]} Rf3 {[%emt 0:00:46]} 68. Kf5 {[%emt 0:00:00]} Ke2 {[%emt 0:00:16]} 69. Kxe4 {[%emt 0:00:00]} 1-0

[Event "FIDE Women GP Monaco 2019"]
[Site "Monaco"]
[Date "2019.12.08"]
[Round "6.5"]
[White "Paehtz, Elisabeth"]
[Black "Gunina, Valentina"]
[Result "1-0"]
[WhiteElo "2475"]
[BlackElo "2492"]
[Annotator "ChessBase"]
[PlyCount "109"]
[EventDate "2019.12.03"]
[EventType "tourn"]
[EventCountry "MNC"]
[SourceTitle "playchess.com"]
[Source "ChessBase"]
[SourceQuality "1"]
[TimeControl "40/5400+30:1800+30"]

1. e4 {[%emt 0:00:00]} c6 {[%emt 0:00:00]} 2. Nf3 {[%emt 0:00:00]} d5 {[%emt 0:00:00]} 3. Nc3 {[%emt 0:00:00]} Bg4 {[%emt 0:00:00]} 4. h3 {[%emt 0:00:00]} Bxf3 {[%emt 0:00:00]} 5. Qxf3 {[%emt 0:00:00]} Nf6 {[%emt 0:00:00]} 6. Be2 {[%emt 0:00:00]} e6 {[%emt 0:00:06]} 7. O-O {[%emt 0:00:03]} Bc5 {[%emt 0:00:05]} 8. Rd1 {[%emt 0:00:03]} Bd4 {[%emt 0:00:05]} 9. Qf4 {[%emt 0:00:03]} Bxc3 {[%emt 0:00:05]} 10. bxc3 {[%emt 0:00:03]} Nxe4 {[%emt 0:00:09]} 11. Rb1 {[%emt 0:00:04]} Qe7 12. Bf3 {[%emt 0:00:30]} Ng5 13. Bh5 {[%emt 0:00:30]} O-O {[%emt 0:47:45]} 14. d3 {[%emt 0:00:30]} f6 {[%emt 0:00:30]} 15. Qa4 {[%emt 0:00:30]} Qc7 {[%emt 0:00:30]} 16. Qf4 {[%emt 0:00:30]} Qe7 {[%emt 0:03:57]} 17. Qa4 {[%emt 0:00:06]} Qc7 {[%emt 0:07:05]} 18. Re1 e5 {[%emt 0:06:33]} 19. c4 {[%emt 0:27:09]} Nd7 {[%emt 0:15:23]} 20. Ba3 {[%emt 0:26:13]} Rfd8 {[%emt 0:06:55]} 21. Be7 {[%emt 0:05:08]} Rdc8 {[%emt 0:00:22]} 22. Bg4 {[%emt 0:02:02]} b5 {[%emt 0:08:14]} 23. Qa3 {[%emt 0:01:01]} dxc4 {[%emt 0:01:43]} 24. Bd6 {[%emt 0:02:17]} Qd8 {[%emt 0:01:27]} 25. dxc4 {[%emt 0:00:06]} Nb6 {[%emt 0:00:59]} 26. cxb5 {[%emt 0:04:18]} Nc4 {[%emt 0:00:28]} 27. Qb3 {[%emt 0:00:06]} cxb5 {[%emt 0:00:29]} 28. Red1 {[%emt 0:11:02]} Rc6 {[%emt 0:00:35]} 29. Qxb5 {[%emt 0:03:06]} Qe8 {[%emt 0:00:09]} 30. Bc5 {[%emt 0:01:23]} Nb6 {[%emt 0:00:50]} 31. Bd7 {[%emt 0:01:25]} Rxc5 {[%emt 0:00:19]} 32. Qxc5 {[%emt 0:03:43]} Qf7 {[%emt 0:00:39]} 33. Qc6 {[%emt 0:01:10]} Rd8 {[%emt 0:00:36]} 34. Bg4 {[%emt 0:03:17]} Rf8 {[%emt 0:00:30]} 35. Bd7 {[%emt 0:03:02]} Qg6 {[%emt 0:00:30]} 36. h4 {[%emt 0:00:42]} Nxd7 {[%emt 0:00:31]} 37. hxg5 {[%emt 0:00:22]} Nb6 {[%emt 0:00:15]} 38. a4 {[%emt 0:01:33]} Qf5 {[%emt 0:00:27]} 39. gxf6 {[%emt 0:01:05]} h5 {[%emt 0:00:39]} 40. a5 {[%emt 0:02:54]} Rxf6 {[%emt 0:00:29]} 41. Qc5 {[%emt 0:30:05]} Na4 {[%emt 0:30:33]} 42. Qe3 {[%emt 0:02:23]} Nc3 {[%emt 0:00:34]} 43. Qxc3 {[%emt 0:00:00]} Qxf2+ {[%emt 0:00:00]} 44. Kh1 {[%emt 0:00:00]} Rf4 {[%emt 0:00:00]} 45. Rd3 {[%emt 0:00:00]} Rg4 {[%emt 0:00:00]} 46. Rg1 {[%emt 0:00:00]} e4 {[%emt 0:00:00]} 47. Rh3 {[%emt 0:00:00]} Qf5 {[%emt 0:00:00]} 48. Qc4+ {[%emt 0:00:00]} Kh7 {[%emt 0:00:00]} 49. Qe2 {[%emt 0:00:00]} Kg8 {[%emt 0:02:47]} 50. a6 {[%emt 0:00:00]} Qc5 {[%emt 0:01:05]} 51. Rb1 {[%emt 0:00:00]} Qd5 {[%emt 0:00:37]} 52. Rb8+ {[%emt 0:00:00]} Kf7 {[%emt 0:00:02]} 53. Rb5 {[%emt 0:00:00]} Qd4 {[%emt 0:00:44]} 54. Rhxh5 {[%emt 0:00:00]} e3 {[%emt 0:00:45]} 55. Qf3+ {[%emt 0:00:00]} 1-0

[Event "FIDE Women GP Monaco 2019"]
[Site "Monaco"]
[Date "2019.12.10"]
[Round "7.1"]
[White "Goryachkina, Aleksandra"]
[Black "Dzagnidze, Nana"]
[Result "1-0"]
[WhiteElo "2572"]
[BlackElo "2520"]
[Annotator "TA"]
[PlyCount "105"]
[EventDate "2019.12.03"]
[EventType "tourn"]
[EventCountry "MNC"]
[SourceTitle "playchess.com"]
[Source "ChessBase"]
[SourceQuality "1"]

{[%evp 13,105,0,0,0,0,0,0,0,2,0,0,0,0,0,0,8,0,0,4,6,22,0,8,0,0,0,29,0,3,3,12,19,20,7,10,0,0,-27,-27,-27,-26,-56,9,0,12,-8,0,0,0,-11,-13,-16,14,16,109,116,90,93,173,132,169,125,234,197,206,179,190,121,193,168,410,405,452,452,451,444,520,322,1457,1396,977,534,1390,6045,5704,5110,29982,29983,29983,29984,29986,29987,29988,29987]} 1. d4 Nf6 2. c4 e6 3. Nc3 Bb4 4. Qc2 O-O 5. e4 d5 6. e5 Ne4 7. Bd3 c5 $1 {[%cal Rc5d4]} 8. Nf3 {E32: Nimzo-Indian: Classical (4 Qc2): 4...0-0} cxd4 9. Nxd4 Nd7 {[%cal Bb8d7,Bd7c5,Bc5a4][%mdl 32]} 10. Bf4 {The position is equal.} Ndc5 (10... Qh4 11. g3 Qh5 12. O-O g5 13. cxd5 Bxc3 14. bxc3 gxf4 15. dxe6 Nxe5 16. Bxe4 {½-½ (37) Mamedyarov,S (2764)-Caruana,F (2818) Saint Louis 2019}) 11. O-O {[%cal Rd3e4]} Bxc3 12. bxc3 Bd7 13. Be2 {aiming for f3.} Na4 14. cxd5 exd5 15. f3 Nec5 16. Rfc1 $146 Rc8 17. Qd2 a6 18. c4 dxc4 19. Bxc4 Qe7 20. Qe3 Rfe8 21. Bg3 b5 22. Bb3 b4 23. f4 Nc3 24. f5 a5 25. Rf1 Nxb3 26. axb3 Qc5 27. Kh1 a4 ({Black should play} 27... f6 $15 28. e6 Bc6) 28. f6 $1 $11 axb3 {[#] ...gxf6 is the strong threat.} 29. Qg5 $1 $40 {[%csl Gf6][%cal Rg5g7][%mdl 640] Black needs to defend precisely.} g6 {And now ...b2 would win.} 30. Nxb3 Qf8 31. Ra7 Be6 32. Nd4 h6 33. Qe3 b3 (33... Nd5 $11 34. Qd2 Nc3) 34. Nxe6 $16 Rxe6 35. Rb7 Kh7 (35... Na4 $16 {was necessary.}) 36. Rxb3 Nd5 37. Qf3 Qc5 (37... Nb4 $16 {keeps fighting.} 38. Qe3 Rd8) 38. h3 Qc6 39. Rd1 Nb6 40. Qxc6 (40. Qf2 $18) 40... Rcxc6 (40... Rexc6 $16 41. Bf2 Nc4) 41. h4 $18 h5 $2 (41... g5 {might work better.} 42. h5 Rc8) 42. Rd8 Rc8 43. Rxc8 Nxc8 {[%mdl 4096] Endgame KRB-KRN} 44. Rb8 Rc6 45. Bf4 Rc4 $2 (45... Kg8 46. g3 Kf8 47. Bh6+ Ke8) 46. g3 Kg8 47. Bh6 Kh7 {[#]} 48. e6 $1 {[%mdl 512]} Nd6 (48... fxe6 49. f7) 49. Bf4 Rxf4 50. gxf4 {White mates.} fxe6 51. Kg2 Nf7 52. Kf3 e5 53. Rf8 {Accuracy: White = 56%, Black = 37%.} 1-0

[Event "FIDE Women GP Monaco 2019"]
[Site "Monaco"]
[Date "2019.12.10"]
[Round "7.2"]
[White "Gunina, Valentina"]
[Black "Cramling, Pia"]
[Result "0-1"]
[WhiteElo "2492"]
[BlackElo "2461"]
[Annotator "ChessBase"]
[PlyCount "72"]
[EventDate "2019.12.03"]
[EventType "tourn"]
[EventCountry "MNC"]
[SourceTitle "playchess.com"]
[Source "ChessBase"]
[SourceQuality "1"]
[TimeControl "40/5400+30:1800+30"]

1. d4 {[%emt 0:00:00]} Nf6 {[%emt 0:00:00]} 2. c4 {[%emt 0:00:00]} e6 {[%emt 0:00:11]} 3. Nf3 {[%emt 0:00:00]} Bb4+ {[%emt 0:00:17]} 4. Bd2 {[%emt 0:00:37]} a5 {[%emt 0:00:14]} 5. g3 {[%emt 0:03:18]} d5 {[%emt 0:01:41]} 6. cxd5 exd5 {[%emt 0:00:43]} 7. Bg2 {[%emt 0:12:30]} O-O {[%emt 0:01:25]} 8. O-O {[%emt 0:00:10]} Re8 {[%emt 0:05:36]} 9. Nc3 {[%emt 0:03:46]} c6 {[%emt 0:05:20]} 10. a3 {[%emt 0:05:07]} Bd6 {[%emt 0:06:13]} 11. Qc2 {[%emt 0:06:33]} Nbd7 {[%emt 0:07:54]} 12. Rfe1 {[%emt 0:01:57]} h6 {[%emt 0:03:35]} 13. Nh4 {[%emt 0:05:22]} Nb6 {[%emt 0:03:46]} 14. e4 dxe4 {[%emt 0:02:32]} 15. Nxe4 {[%emt 0:05:41]} Nxe4 {[%emt 0:03:43]} 16. Rxe4 {[%emt 0:00:07]} Rxe4 {[%emt 0:01:46]} 17. Bxe4 {[%emt 0:05:07]} Be6 {[%emt 0:05:11]} 18. Re1 {[%emt 0:00:27]} Qf6 {[%emt 0:04:35]} 19. Bd3 {[%emt 0:09:22]} a4 {[%emt 0:04:23]} 20. Qd1 {[%emt 0:02:13]} Nd5 {[%emt 0:08:32]} 21. Bc1 {[%emt 0:13:08]} Nf4 {[%emt 0:14:43]} 22. Bxf4 {[%emt 0:03:54]} Bxf4 {[%emt 0:00:05]} 23. Bc2 {[%emt 0:00:26]} Bc7 {[%emt 0:01:11]} 24. Qd3 {[%emt 0:02:50]} g6 {[%emt 0:00:21]} 25. Qe3 {[%emt 0:00:46]} Bb6 {[%emt 0:04:33]} 26. Nxg6 {[%emt 0:07:34]} Bxd4 {[%emt 0:00:14]} 27. Qe2 {[%emt 0:00:06]} Bg4 {[%emt 0:06:02]} 28. Ne7+ {[%emt 0:01:05]} Kf8 {[%emt 0:00:36]} 29. Qd2 {[%emt 0:00:14]} Rd8 {[%emt 0:00:32]} 30. h3 {[%emt 0:10:33]} Be6 {[%emt 0:03:44]} 31. Ng6+ {[%emt 0:01:21]} fxg6 {[%emt 0:00:18]} 32. Qxh6+ {[%emt 0:00:02]} Kg8 {[%emt 0:00:58]} 33. Re2 {[%emt 0:00:47]} Bf7 {[%emt 0:00:45]} 34. Kg2 {[%emt 0:01:23]} Bc5 {[%emt 0:01:34]} 35. Bxa4 {[%emt 0:00:31]} Rd3 {[%emt 0:01:27]} 36. f4 Qd4 {[%emt 0:01:08]} 0-1

[Event "FIDE Women GP Monaco 2019"]
[Site "Monaco"]
[Date "2019.12.10"]
[Round "7.3"]
[White "Muzychuk, Mariya"]
[Black "Paehtz, Elisabeth"]
[Result "1-0"]
[WhiteElo "2559"]
[BlackElo "2475"]
[Annotator "ChessBase"]
[PlyCount "107"]
[EventDate "2019.12.03"]
[EventType "tourn"]
[EventCountry "MNC"]
[SourceTitle "playchess.com"]
[Source "ChessBase"]
[SourceQuality "1"]
[TimeControl "40/5400+30:1800+30"]

1. d4 {[%emt 0:00:00]} d5 {[%emt 0:00:00]} 2. c4 {[%emt 0:00:00]} c6 {[%emt 0:00:00]} 3. Nc3 {[%emt 0:00:00]} Nf6 {[%emt 0:00:00]} 4. e3 {[%emt 0:00:13]} e6 {[%emt 0:00:00]} 5. Nf3 {[%emt 0:00:28]} Nbd7 {[%emt 0:00:00]} 6. Bd3 {[%emt 0:02:46]} dxc4 {[%emt 0:00:00]} 7. Bxc4 {[%emt 0:00:03]} b5 {[%emt 0:00:02]} 8. Bd3 {[%emt 0:00:06]} a6 {[%emt 0:00:03]} 9. a4 {[%emt 0:03:57]} b4 {[%emt 0:11:41]} 10. Ne4 {[%emt 0:00:16]} Bb7 {[%emt 0:02:46]} 11. Nxf6+ {[%emt 0:04:54]} Nxf6 12. Qe2 {[%emt 0:00:36]} c5 {[%emt 0:01:45]} 13. dxc5 {[%emt 0:00:29]} Bxc5 {[%emt 0:15:26]} 14. e4 Nd7 {[%emt 0:00:06]} 15. O-O {[%emt 0:02:23]} O-O {[%emt 0:02:06]} 16. Bf4 {[%emt 0:02:11]} f6 {[%emt 0:05:59]} 17. Bc4 {[%emt 0:17:42]} Qe7 {[%emt 0:00:46]} 18. a5 {[%emt 0:05:15]} Kh8 {[%emt 0:03:44]} 19. Rfd1 {[%emt 0:04:11]} Rfe8 {[%emt 0:16:41]} 20. Rd3 {[%emt 0:03:27]} Nf8 {[%emt 0:01:31]} 21. b3 {[%emt 0:04:54]} Bc6 {[%emt 0:08:11]} 22. Be3 {[%emt 0:09:34]} Bxe3 {[%emt 0:07:18]} 23. Rxe3 {[%emt 0:01:52]} Qa7 {[%emt 0:02:27]} 24. e5 {[%emt 0:06:52]} f5 {[%emt 0:01:06]} 25. Ng5 {[%emt 0:02:09]} h6 {[%emt 0:03:16]} 26. Qh5 {[%emt 0:00:10]} Kg8 {[%emt 0:00:26]} 27. Nh3 {[%emt 0:00:20]} Rad8 {[%emt 0:05:58]} 28. Qxf5 {[%emt 0:07:13]} Qd4 {[%emt 0:01:50]} 29. Qb1 {[%emt 0:00:38]} Ng6 {[%emt 0:02:13]} 30. Bxa6 {[%emt 0:02:40]} Nxe5 {[%emt 0:01:34]} 31. Qe1 {[%emt 0:00:13]} Qg4 {[%emt 0:03:53]} 32. Rg3 {[%emt 0:00:16]} Qd4 {[%emt 0:00:20]} 33. Bf1 {[%emt 0:00:40]} Rf8 {[%emt 0:01:10]} 34. a6 {[%emt 0:00:39]} Kh8 {[%emt 0:00:19]} 35. Rc1 {[%emt 0:05:01]} Ba8 {[%emt 0:00:32]} 36. Rc7 {[%emt 0:01:53]} Rg8 {[%emt 0:01:35]} 37. Qe3 {[%emt 0:03:29]} g5 {[%emt 0:01:24]} 38. Qxd4 {[%emt 0:02:40]} Rxd4 {[%emt 0:00:04]} 39. f4 {[%emt 0:00:40]} Ng6 {[%emt 0:02:14]} 40. fxg5 {[%emt 0:01:20]} h5 {[%emt 0:00:26]} 41. Rd3 {[%emt 0:31:11]} Rdd8 {[%emt 0:02:52]} 42. a7 {[%emt 0:00:00]} Bd5 {[%emt 0:00:23]} 43. Rd4 {[%emt 0:00:00]} Rg7 {[%emt 0:00:19]} 44. Rxg7 {[%emt 0:00:00]} Kxg7 {[%emt 0:00:04]} 45. Rxb4 {[%emt 0:00:00]} Ra8 {[%emt 0:00:04]} 46. Ra4 {[%emt 0:00:00]} Bxb3 {[%emt 0:00:05]} 47. Ra3 {[%emt 0:00:00]} Bd5 {[%emt 0:00:04]} 48. Be2 {[%emt 0:00:00]} h4 {[%emt 0:01:04]} 49. Bf3 {[%emt 0:00:00]} Bxf3 {[%emt 0:00:09]} 50. gxf3 {[%emt 0:00:00]} e5 {[%emt 0:00:05]} 51. Nf2 {[%emt 0:00:00]} Nf4 {[%emt 0:00:10]} 52. Ne4 {[%emt 0:00:00]} Ne2+ {[%emt 0:00:17]} 53. Kg2 {[%emt 0:00:00]} Nd4 {[%emt 0:00:07]} 54. Kh3 {[%emt 0:00:00]} 1-0